स्मृतियों की रोशनी में/ (Record no. 201963)

MARC details
000 -LEADER
fixed length control field 00958nam a22001937a 4500
005 - DATE AND TIME OF LATEST TRANSACTION
control field 20240409102817.0
010 ## - LCCN (DPL NO)
LC control number HIN-127279
020 ## - INTERNATIONAL STANDARD BOOK NUMBER
International Standard Book Number 9789392228025
Terms of availability 500.00
035 ## - SYSTEM CONTROL NUMBER
System control number HN-99625
037 ## - SOURCE OF ACQUISITION
Source of stock number/acquisition DBAD/PUB
082 ## - DEWEY DECIMAL CLASSIFICATION NUMBER
Classification number 808.08
100 ## - MAIN ENTRY--PERSONAL NAME
Personal name पाटील,चन्द्रकान्त
245 ## - TITLE STATEMENT
Title स्मृतियों की रोशनी में/
Statement of responsibility, etc चन्द्रकान्त पाटील;गोरख थोरात
260 ## - PUBLICATION, DISTRIBUTION, ETC. (IMPRINT)
Place of publication, distribution, etc नोएडा (उत्तर प्रदेश)
Name of publisher, distributor, etc सेतु प्रकाशन प्रा.लि.
Date of publication, distribution, etc 2022
270 ## - ADDRESS
Address सी-21, सेक्टर-65 नोएडा (उत्तर प्रदेश) 201301
City उत्तर प्रदेश
Postal code 201301
300 ## - PHYSICAL DESCRIPTION
Extent 206पृ.;
Dimensions 21 सेमी.(सजिल्द)
700 ## - ADDED ENTRY--PERSONAL NAME
Personal name थोरात,गोरख [अनुवादक]
9 (RLIN) 64432
942 ## - ADDED ENTRY ELEMENTS (KOHA)
Source of classification or shelving scheme Dewey Decimal Classification
Item type Hindi Books
Classification part 808.08
Call number suffix पाटील
Holdings
Withdrawn status Lost status Not for loan Collection code Home library Current library Date acquired Source of acquisition Cost, normal purchase price Full call number Barcode Copy number Cost, replacement price Koha item type
      Non-fiction Bawana Bawana 08/04/2024 DBAD/PUB 500.00 808.08 पाटील HN-99625 1 500.00 Hindi Books

© Delhi Public Library
Hit Counter
free hit counter